000 00323nam a2200133Ia 4500
005 20260326235457.0
008 260326s9999||||xx |||||||||||||| ||und||
100 _aMendoza Riaño, Consuelo
245 0 _aAsi es Bogotá /
_cConsuelo Mendoza Riaño
260 _bGamma
300 _a319 p.
650 _aCOLOMBIA
942 _cBK
999 _c7960
_d7960